LEADER 01253nam a2200313 a 4500 001 000000144374 003 CaOOAMICUS 005 20220621172711.0 008 150625s1991 it u000 u ita r 020 $a88-263-0852-7 032 $aLibriCat 040 $aPUL$bita 041 1 $aita$hfre 130 0 $aPsaumes et les autres Ecrits.$lItaliano.$0(OLS)http://pul/title/182665 245 12$aI Salmi e gli altri Scritti /$cL. Monloubou ... [et al.]. 260 $aRoma :$bBorla,$cİ1991. 300 $a468 p. ;$c21 cm 490 1 $aPiccola enciclopedia biblica ;$v05 504 $aRiferimenti bibliografici. 630 04$aBiblia.$pV.T.$pPsalmi$xCritica e interpretazione.$0(OLS)http://pul/subject/633 700 1 $aMonloubou, Louis.$0(OLS)http://pul/name/4471 830 0$aPiccola enciclopedia biblica ;$v05.$0(OLS)http://pul/title/42472 850 $aPUL 852 $aPUL$W1$xDP1 Fondo S. Lanza$y121$m3 C 37.5$j166600$qFondi$B167203$CPULBib$Z2$F167203 $HLan272 $82 941 1 $a1 996 $6020$a88-263-0852-7$9(OLS)http://pul/number/158078 996 $6245$aI Salmi e gli altri Scritti$9(OLS)http://pul/title/182666 996 $6260$aRoma :$bBorla$9(OLS)http://pul/publisher/48061 LEADER 01159nam a2200253 u 4500 001 000000108138 003 CaOOAMICUS 005 20071108125705.0 008 071108s2007 it u000 u ita u 020 $z978-88-7589-297-5* 040 $aPUL$bita$dLDB 100 1 $aOrsingher, Lucia.$0(OLS)http://pul/name/66337 245 12$aL'adozione :$bquestioni sostanziali, processuali, internazionali, amministrative /$cLucia Orsingher. 260 $aMatelica (MC) :$bHalley,$c2007. 300 $a262 p. ;$c21 cm. 490 1 $aControversie & soluzioni ;$v23 650 14$aAdozione e affiliazione.$0(OLS)http://pul/subject/13625 830 0$aControversie & soluzioni ;$v23.$0(OLS)http://pul/title/136102 850 $aPUL 852 $aPUL$W1$xSL Diritto e Scienze Sociali 3$y79$m346. 45 ORSLU 1$j123043$qDDC 21$B122021$CPULBib$Z2$F122021 $H105457 $82 941 1 $a9 996 $6020$z978-88-7589-297-5*$9(OLS)http://pul/number/136186 996 $6245$aL'adozione :$bquestioni sostanziali, processuali, internazionali, amministrative$9(OLS)http://pul/title/136101 996 $6260$aMatelica (MC) :$bHalley$9(OLS)http://pul/publisher/79206